| 000 | 03206nam0a2200421 i 4500 | ||
|---|---|---|---|
| 001 | RU\NLR\BIBL_A\010775213 | ||
| 005 | 20260406003418.0 | ||
| 010 |
_a9785000910719 _bФОРУМ |
||
| 010 |
_a978-5-16-010953-4 _bИНФРА-М, print |
||
| 010 |
_a978-5-16-102979-4 _bИНФРА-М, online |
||
| 021 |
_aRU _b2015-31717 _91884 |
||
| 035 | _a(NILC)RuMoRGB-007919520 | ||
| 035 | _a(NLR Aleph) 010775213 | ||
| 090 |
_a10039881 _c10039882 |
||
| 100 | _a20150603d2015 u y0rusy50 ca | ||
| 101 | 0 | _arus | |
| 102 | _aRU | ||
| 105 | _aa|||j||||00yy | ||
| 200 | 1 |
_aЭлектрические машины, электропривод и системы интеллектуального управления электротехническими комплексами _eучебное пособие для студентов высших учебных заведений, обучающихся по направления подготовки 29.03.02 "Технология и проектирование текстильных изделий", 15.03.04 "Автоматизация технологических процессов и производств", 13.03.01 "Теплоэнергетика и теплотехника", 15.03.02 "Технологические машины и оборудование", 09.03.01 "Информатика и вычислительная техника", 09.03.02 "Информационные системы и технологии" _fА. Е. Поляков, А. В. Чесноков, Е. М. Филимонова |
|
| 210 |
_aМосква _cФОРУМ _cИНФРА-М _d2015 |
||
| 215 |
_a223 с. _cил. _d21 |
||
| 320 | _aБиблиогр.: с. 220-221 (18 назв.) | ||
| 606 |
_aХимические волокна _jУчебные издания для высших учебных заведений _xПроизводство _xСАУ _91715046 _3RU\NLR\AUTH\661062194 |
||
| 606 |
_aТекстильное производство _jУчебные издания для высших учебных заведений _xСАУ _92573455 _3RU\NLR\AUTH\661521703 |
||
| 606 |
_aТекстильные машины _jУчебные издания для высших учебных заведений _xЭлектрические приводы _91021431 _3RU\NLR\AUTH\6672684 |
||
| 606 | 1 |
_aЗаводы химического волокна _jУчебные издания для высших учебных заведений _xОборудование _xЭлектрические приводы _92269805 _3RU\NLR\AUTH\6601589617 |
|
| 610 | 0 | _aуправляемые электромеханические системы | |
| 686 | _aМ3-5 я73-1 | ||
| 686 | _aЛ73-5я73-1 | ||
| 700 | 1 |
_8rus _7ca _aПоляков _bА. Е. _cд-р техн. наук _gАнатолий Евгеньевич _3RU\NLR\AUTH\77112937 _995862 |
|
| 701 | 1 |
_aЧесноков _bА. В. _gАлександр Владимирович |
|
| 701 | 1 |
_aФилимонова _bЕ. М. _gЕкатерина Михайловна |
|
| 801 | 0 |
_aRU _bРГБ _c20150424 _gRCR |
|
| 801 | 1 |
_aRU _bРГБ _c20150424 _2rusmarc |
|
| 942 | _cBOOK | ||
| 980 | _aNBR | ||